000 00521nam a2200217Ia 4500
008 170918s9999 xx 000 0 und d
020 _a590484133
050 _bR382 1995
100 _aRelf, Patricia
245 _aHops home :
245 _ba book about animal habitats /
245 _cPatricia Relf.
260 _aNew York :
260 _bScholastic,
260 _c1995
300 _aunpaged :
300 _bcolored illustration ;
300 _c20cm.
440 _aThe magic school bus.
500 _a400
999 _c341440
_d341440